Andrés Bello Obras Completas.
I tiakina i:
| Kaituhi matua: | |
|---|---|
| Ētahi atu kaituhi: | |
| Hōputu: | Pukapuka |
| Reo: | Ingarihi |
| I whakaputaina: |
Santiago, Chile:
Ediciones Biblioteca Nacional de Chile,
2022-2024.
|
| Putanga: | Primera edición. |
| Ngā marau: | |
| Ngā Tūtohu: |
Tāpirihia he Tūtohu
Kāore He Tūtohu, Me noho koe te mea tuatahi ki te tūtohu i tēnei pūkete!
|
MARC
| LEADER | 00000nam a22000007a 4500 | ||
|---|---|---|---|
| 003 | CL-VaPUC | ||
| 005 | 20241107114349.0 | ||
| 008 | 220811i20222024 ||||| |||| 00| 0 eng d | ||
| 999 | |c 443530 |d 443528 | ||
| 020 | |a 978-956-244-551-1 (o.c.) | ||
| 020 | |a 978-956-244-552-8 (tomo 1) | ||
| 020 | |a 978-956-244-581-8 (tomo 8) | ||
| 020 | |a 978-956-244-599-3 (tomo 14) | ||
| 020 | |a 978-956-244-562-7 (tomo 16) | ||
| 040 | |c Pontificia Universidad Católica de Valparaíso | ||
| 082 | |a 923.787 BEL 2022 (t.1) |a 923.787 BEL 2023 (t.8) |a 923.787 BEL 2024 (t.14) |a 923.787 BEL 2024 (t.16) |2 22 | ||
| 100 | |a Bello, Andrés, |9 545824 |d 1781-1865 |e autor | ||
| 245 | |a Andrés Bello Obras Completas. | ||
| 250 | |a Primera edición. | ||
| 260 | |a Santiago, Chile: |b Ediciones Biblioteca Nacional de Chile, |c 2022-2024. | ||
| 300 | |a Tomos. | ||
| 500 | |a c.1. - t.1., t.8 y t.14. Donación Rectoría. 15-4-2024. t.8.c.2. Donación Prof. Felipe Villavicencio. MEMO Nº38 Biblioteca Derecho 16-9-2024 c.1 t.16: Donación Ivan Jaksic A. Memo DER 25-10-2024. | ||
| 505 | |a t.1: Epistolario. t.8: Gramática de la Lengua Castellana. t.14: Temas de Historia y Geografía. t.16: Temas Jurídicos y Sociales | ||
| 583 | |c 20220811 |k Catalogador Asistente | ||
| 600 | 0 | |9 869502 |a Bello, Andrés |x Obras | |
| 650 | |a Español |x Grámatica |9 870323 | ||
| 650 | |a Correspondencia |x Escritos |9 888482 | ||
| 651 | |a América Latina |x Historia |y 1810-1849 |9 888483 | ||
| 700 | |a Bello, Andrés, |9 545824 |c Obras |d 1781-1865 | ||
| 942 | |2 ddc |c BK | ||
| 952 | |0 0 |1 0 |2 ddc |4 0 |6 923_787000000000000_BEL_2022 |7 0 |8 A |9 594120 |a BIBHIS |b BIBHIS |d 2024-04-17 |e Donación |h t.1 |i 5660715 |o 923.787 BEL 2022 |p 5660715 |r 2024-04-17 |t 1 |w 2024-04-17 |y BK |k HIS | ||
| 952 | |0 0 |1 0 |2 ddc |4 0 |6 923_787000000000000_BEL_2023 |7 0 |8 A |9 594121 |a BIBHIS |b BIBHIS |d 2024-04-17 |e Donación |h t.8 |i 5660716 |o 923.787 BEL 2023 |p 5660716 |r 2024-04-17 |t 1 |w 2024-04-17 |y BK |k HIS | ||
| 952 | |0 0 |1 0 |2 ddc |4 0 |6 923_787000000000000_BEL_2024 |7 0 |8 A |9 594122 |a BIBHIS |b BIBHIS |d 2024-04-17 |e Donación |h t.14 |i 5660717 |o 923.787 BEL 2024 |p 5660717 |r 2024-04-17 |t 1 |w 2024-04-17 |y BK |k HIS | ||
| 952 | |0 0 |1 0 |2 ddc |4 0 |6 923_787000000000000_BEL_2023 |7 0 |8 A |9 596918 |a BIBDER |b BIBDER |d 2024-09-23 |e Donación |h t.8 |i 5662818 |o 923.787 BEL 2023 |p 5662818 |r 2024-09-23 |t 2 |w 2024-09-23 |y BK |k DER | ||
| 952 | |0 0 |1 0 |2 ddc |4 0 |6 923_787000000000000_BEL_2022 |7 0 |8 A |9 597834 |a BIBDER |b BIBDER |d 2024-11-07 |e Donación |h t.16 |i 5663137 |o 923.787 BEL 2022 |p 5663137 |r 2024-11-07 |t 1 |w 2024-11-07 |y BK |k DER | ||